[Event "Druzynowe Mistrzostwa Polski Juniorow - Ekstraliga 2018"]
[Site "Kudowa-Zdroj"]
[Date "1899-12-30"]
[Round "9.7"]
[White "Szczurek, Krzysztof"]
[Black "Pacan-milej, Kosma"]
[Result "1/2-1/2"]
[WhiteTitle "FM"]
[BlackTitle "FM"]
[WhiteElo "2136"]
[BlackElo "2282"]

1. d4 Nf6 2. Nc3 d5 3. Bf4 a6 4. Nf3 e6 5. e3 c5 6. dxc5 Bxc5 7. Bd3 Nc6 8. O-O
Bb4 9. a3 Bxc3 10. bxc3 O-O 11. c4 dxc4 12. Bxc4 b5 13. Ba2 Bb7 14. c4 bxc4 15.
Bxc4 Na5 16. Ba2 Bd5 17. Bxd5 Qxd5 18. Qa4 Nc4 19. Rab1 Rfc8 20. Rfd1 Qc5 21.
Rdc1 Nd5 22. h3 Ndb6 23. Qb4 Qxb4 24. axb4 Nd5 25. Bg3 f6 26. e4 Ndb6 27. Nd4
Kf7 28. Nb3 e5 29. f3 Na3 30. Rxc8 Rxc8 31. Ra1 Nbc4 32. Bf2 Nc2 33. Rxa6 Nxb4
34. Ra7+ Kg6 1/2-1/2

[Event "Druzynowe Mistrzostwa Polski Juniorow - Ekstraliga 2018"]
[Site "Kudowa-Zdroj"]
[Date "1899-12-30"]
[Round "9.8"]
[White "Raclawicki, Kacper"]
[Black "Warchol, Bartosz"]
[Result "1/2-1/2"]
[WhiteTitle "I"]
[BlackTitle "I++"]
[WhiteElo "1799"]
[BlackElo "1950"]

1. d4 d5 2. Nf3 c5 3. c4 dxc4 4. Qa4+ Bd7 5. Qxc4 cxd4 6. Qxd4 Nc6 7. Qd3 Rc8 8.
Nc3 Nf6 9. a3 g6 10. e4 Bg7 11. Be2 O-O 12. O-O Bg4 13. Qxd8 Rfxd8 14. Be3 Nd7
15. Rfd1 Nb6 16. Rac1 Bxf3 17. gxf3 Nd4 18. Bxd4 Rxd4 19. Rb1 Rxd1+ 20. Nxd1 Rc2
21. Kf1 Be5 22. h3 Na4 23. b3 Nc5 24. Ne3 Ra2 25. a4 Ne6 26. Nc4 Bd4 27. Rd1 Bc5
28. Rd2 Rxd2 29. Nxd2 Nf4 30. h4 e6 31. Nc4 Kf8 32. Ne5 Ke7 33. Nd3 Nxe2 34. Kxe2
Bd4 35. f4 Bf6 36. h5 gxh5 37. Kf3 Kd7 38. b4 Kc6 39. Kg3 a6 40. Kf3 Kc7 41. Kg3
Be7 42. f3 Kd7 43. Kh3 Ke8 44. Kg3 Kf8 45. Kh3 Kg7 46. Kg3 f6 47. Kh3 Kg6 48.
Kg3 Bd6 49. Kh4 e5 50. f5+ Kh6 51. Kh3 Kg5 52. Kg3 h4+ 53. Kh3 Be7 54. Kg2 Bd6
55. Kh3 Be7 56. Kg2 Bd6 57. Kh3 h6 58. Kg2 Be7 59. Kh3 Bd6 60. Kg2 Be7 61. Kh3
Bd6 1/2-1/2

[Event "Druzynowe Mistrzostwa Polski Juniorow - Ekstraliga 2018"]
[Site "Kudowa-Zdroj"]
[Date "1899-12-30"]
[Round "9.10"]
[White "Matela, Krzysztof"]
[Black "Swiech, Lukasz"]
[Result "0-1"]
[WhiteTitle "I"]
[BlackTitle "II"]
[WhiteElo "1734"]
[BlackElo "1591"]

1. e4 c5 2. Nf3 Nc6 3. d4 cxd4 4. Nxd4 e5 5. Nb5 d6 6. N1c3 a6 7. Na3 Be7 8. Nc4
b5 9. Ne3 Nf6 10. f3 Be6 11. Ncd5 O-O 12. c3 Rb8 13. a4 b4 14. Bxa6 Qa5 15. Bb5
Rxb5 16. axb5 Qxa1 17. bxc6 Bxd5 18. Nxd5 Nxd5 19. exd5 bxc3 20. O-O cxb2 21.
Be3 Qa3 22. Qd2 Qa2 23. Qc2 Qxd5 24. Ba7 Qa5 25. Be3 Qb5 26. Rb1 Rc8 27. Rxb2
Qxc6 28. Qf5 Qc3 29. Re2 Bh4 30. g3 Bf6 31. Kg2 d5 32. Bg5 Qc4 33. Rb2 Bxg5 34.
Qxg5 e4 35. Rf2 exf3+ 36. Rxf3 d4 37. Qe7 Qe6 38. Qb7 Rc2+ 39. Rf2 Qc6+ 40. Qxc6
Rxc6 41. Rd2 Rd6 42. Kf3 f6 43. Ke4 Kf7 44. Rxd4 Rxd4+ 45. Kxd4 Kg6 46. Ke4 Kg5
47. Kf3 h5 48. Kf2 Kf5 49. Kf3 Ke5 50. Ke3 g5 51. Kd3 f5 52. Ke3 f4+ 53. Ke2 Ke4
54. gxf4 gxf4 55. Kf2 f3 56. Ke1 Ke3 57. Kf1 h4 58. Ke1 f2+ 59. Kf1 Kf3 0-1

[Event "Druzynowe Mistrzostwa Polski Juniorow - Ekstraliga 2018"]
[Site "Kudowa-Zdroj"]
[Date "1899-12-30"]
[Round "9.11"]
[White "Surpeta, Julia"]
[Black "Sowa, Wiktoria"]
[Result "0-1"]
[WhiteTitle "I"]
[BlackTitle "k"]
[WhiteElo "1611"]
[BlackElo "1952"]

1. d4 Nf6 2. Nc3 d5 3. Bf4 e6 4. Nb5 Bd6 5. Nxd6+ cxd6 6. e3 Nc6 7. Nf3 O-O 8.
Be2 Re8 9. h3 e5 10. Bg5 Qa5+ 11. c3 Ne4 12. Bh4 Be6 13. O-O b5 14. a4 bxa4 15.
Rxa4 Qb6 16. Ra6 Qb7 17. Nd2 Nxd2 18. Qxd2 Rab8 19. Rfa1 Rec8 20. b4 Ra8 21. b5
Nb8 22. Rxd6 Qc7 23. dxe5 Nd7 24. Bg3 Nc5 25. Qb2 Qb7 26. f3 a5 27. Rd1 Na4 28.
Qd2 Nxc3 29. Ra1 a4 30. Kh2 a3 31. Ra6 Rxa6 32. bxa6 Qb2 0-1

[Event "Druzynowe Mistrzostwa Polski Juniorow - Ekstraliga 2018"]
[Site "Kudowa-Zdroj"]
[Date "1899-12-30"]
[Round "9.12"]
[White "Starosta, Martyna"]
[Black "Dylag, Emilia"]
[Result "0-1"]
[WhiteTitle "WCM"]
[BlackTitle "k"]
[WhiteElo "1740"]
[BlackElo "1989"]

1. e4 c5 2. Nf3 d6 3. d4 cxd4 4. Nxd4 Nf6 5. Nc3 a6 6. Bg5 e6 7. f4 Qb6 8. Qd2
Nc6 9. O-O-O Qxd4 10. Qxd4 Nxd4 11. Rxd4 Be7 12. Bxf6 gxf6 13. g3 Bd7 14. a3 Bc6
15. Bg2 f5 16. Rhd1 O-O-O 17. R4d2 fxe4 18. Bxe4 Bxe4 19. Nxe4 d5 20. Nf2 h5 21.
f5 Bg5 22. fxe6 Bxd2+ 23. Rxd2 fxe6 24. Nd3 Rdf8 25. Nf4 Kd7 26. Kd1 Rf5 27. c4
Kd6 28. cxd5 exd5 29. Re2 Rh6 30. Re8 h4 31. Rd8+ Kc6 32. Rg8 hxg3 33. hxg3 Rh2
34. Rg6+ Kb5 35. Kc1 Re5 36. Kb1 Re1+ 37. Ka2 Rd1 38. a4+ Kxa4 39. Rb6 Rhh1 40.
b3+ Ka5 41. Rxb7 Rd2+ 42. Ka3 Ra1# 0-1

[Event "Druzynowe Mistrzostwa Polski Juniorow - Ekstraliga 2018"]
[Site "Kudowa-Zdroj"]
[Date "1899-12-30"]
[Round "9.13"]
[White "Gazik, Viktor"]
[Black "Szpar, Milosz"]
[Result "1-0"]
[WhiteTitle "IM"]
[BlackTitle "FM"]
[WhiteElo "2501"]
[BlackElo "2349"]

1. e4 d6 2. d4 Nf6 3. Nc3 e5 4. Nf3 Nbd7 5. Bc4 Be7 6. O-O O-O 7. Re1 c6 8. a4
b6 9. Ba2 a6 10. h3 Rb8 11. Be3 b5 12. axb5 axb5 13. b4 Qc7 14. Qd3 Bb7 15. Bb3
exd4 16. Nxd4 Ne5 17. Qd2 Rfe8 18. Nf5 Bf8 19. Bg5 Nfd7 20. Red1 d5 21. exd5 Bxb4
22. Nxb5 Bxd2 23. Nxc7 Bxg5 24. Nxe8 Rxe8 25. Nd6 Rb8 26. Nxb7 Rxb7 27. dxc6 Nxc6
28. Bd5 Ndb8 29. Ra8 Rd7 30. Re1 1-0

[Event "Druzynowe Mistrzostwa Polski Juniorow - Ekstraliga 2018"]
[Site "Kudowa-Zdroj"]
[Date "1899-12-30"]
[Round "9.14"]
[White "Mis, Mieszko"]
[Black "Godzwon, Iwo"]
[Result "1-0"]
[WhiteTitle "FM"]
[BlackTitle "k"]
[WhiteElo "2291"]
[BlackElo "2218"]

1. d4 Nf6 2. c4 g6 3. Nc3 d5 4. Nf3 Bg7 5. cxd5 Nxd5 6. e4 Nxc3 7. bxc3 c5 8. Rb1
a6 9. Qa4+ Bd7 10. Qa3 Qc7 11. Be2 O-O 12. O-O e6 13. Bg5 cxd4 14. cxd4 Bc6 15.
Rfc1 Qd7 16. Qe3 f6 17. Bf4 Re8 18. Nd2 f5 19. Be5 Bxe5 20. dxe5 Bxe4 21. Nxe4
fxe4 22. Qb6 Nc6 23. Qxb7 Qxb7 24. Rxb7 Nxe5 25. Rc5 Nd3 26. Rcc7 Reb8 27. Rg7+
Kf8 28. Rbf7+ Ke8 29. g3 Rb6 30. Rxh7 Rc8 31. Ra7 1-0

[Event "Druzynowe Mistrzostwa Polski Juniorow - Ekstraliga 2018"]
[Site "Kudowa-Zdroj"]
[Date "1899-12-30"]
[Round "9.15"]
[White "Oborski, Artur"]
[Black "Chyzy, Jakub"]
[Result "0-1"]
[WhiteTitle "I+"]
[BlackTitle "k"]
[WhiteElo "1821"]
[BlackElo "2100"]

1. e4 Nf6 2. e5 Nd5 3. d4 d6 4. Nf3 Bg4 5. Be2 c6 6. O-O Bxf3 7. Bxf3 dxe5 8. dxe5
e6 9. Qe2 Nd7 10. c4 Ne7 11. Bf4 Ng6 12. Bg3 Qa5 13. Re1 Bb4 14. Nc3 Bxc3 15.
bxc3 O-O 16. h4 Nc5 17. h5 Ne7 18. h6 Nf5 19. hxg7 Rfd8 20. Bf4 Qxc3 21. Rac1
Qd3 22. Qb2 Qd4 23. Qxd4 Rxd4 24. Bg5 Nd3 25. Red1 Nxc1 26. Rxc1 Rb8 27. g4 Nxg7
28. Be3 Rd7 29. Rb1 Ra8 30. Kg2 Ne8 31. Rh1 f6 32. exf6 Nxf6 33. Rh6 Rf7 34. g5
Ne8 35. Rxe6 Ng7 36. Re4 Nf5 37. Bc1 Nd6 38. Rd4 Raf8 39. Rxd6 Rxf3 40. Be3 R3f5
41. g6 hxg6 42. Rxg6+ Kf7 43. Rh6 Rg8+ 44. Kf1 c5 45. Rh7+ Rg7 46. Rh8 b6 47.
a4 Ke6 48. Ke2 Rgf7 49. Rh1 Kd6 50. a5 Kc6 51. axb6 axb6 52. Kd3 R5f6 53. Kc3
Re6 54. Rb1 Rg7 55. Kd3 Rd7+ 56. Kc3 Re4 57. Ra1 Rh7 58. Kd3 Rhh4 59. Rc1 Re6
60. Kc3 Rd6 61. Ra1 Rh7 62. Kc2 Rhd7 63. Kc3 Rd3+ 64. Kc2 R7d6 65. Ra8 Kb7 66.
Ra1 Rd8 67. Ra4 R3d7 68. Ra1 Ra8 69. Rxa8 Kxa8 70. Bg5 Kb7 71. f4 Kc6 72. Bf6
b5 73. cxb5+ Kxb5 74. Be5 Kc4 75. Bc3 Rd3 76. Be5 Rf3 77. Kb2 Kd3 78. Kb3 c4+
0-1

[Event "Druzynowe Mistrzostwa Polski Juniorow - Ekstraliga 2018"]
[Site "Kudowa-Zdroj"]
[Date "1899-12-30"]
[Round "9.16"]
[White "Czernek, Tymon"]
[Black "Bogusz, Alan"]
[Result "1-0"]
[WhiteTitle "I++"]
[BlackTitle "I"]
[WhiteElo "1949"]
[BlackElo "1637"]

1. e4 c5 2. Nf3 d6 3. d4 cxd4 4. Qxd4 a6 5. e5 Nc6 6. Qa4 d5 7. Bd3 e6 8. O-O g6
9. Bg5 Qc7 10. Nc3 Rb8 11. Nd4 Bd7 12. Nxc6 Bxc6 13. Qh4 Be7 14. Bxe7 Nxe7 15.
Qf6 Rg8 16. Rfe1 Nf5 17. Bxf5 gxf5 18. g3 Rg6 19. Qh4 h6 20. Ne2 Qe7 21. Qd4 Rg4
22. Nf4 Kd7 23. h3 Rg5 24. c4 Ke8 25. cxd5 exd5 26. Nxd5 Rd8 27. Nf6+ Kf8 28.
Qf4 Kg7 29. h4 Rg6 30. Qxf5 Qc5 31. Nh5+ Kh8 32. Rad1 Rxd1 33. Rxd1 Bd5 34. e6
Rxe6 35. Rxd5 Qb6 36. Qxf7 Rg6 37. Qe8+ 1-0

[Event "Druzynowe Mistrzostwa Polski Juniorow - Ekstraliga 2018"]
[Site "Kudowa-Zdroj"]
[Date "1899-12-30"]
[Round "9.17"]
[White "Jarocka, Liwia"]
[Black "Swiech, Joanna"]
[Result "1-0"]
[WhiteTitle "FM"]
[BlackTitle "k"]
[WhiteElo "1984"]
[BlackElo "1832"]

1. e4 c6 2. d4 d5 3. Nd2 dxe4 4. Nxe4 Bf5 5. Ng3 Bg6 6. h4 h6 7. Nf3 Nd7 8. h5
Bh7 9. Bd3 Bxd3 10. Qxd3 Qc7 11. Bd2 e6 12. O-O-O Ngf6 13. Ne4 Nxe4 14. Qxe4 Nf6
15. Qe2 Rd8 16. Kb1 Bd6 17. Ne5 c5 18. Qb5+ Nd7 19. Nxd7 Qxd7 20. Qc4 b5 21. Qc3
c4 22. d5 O-O 23. dxe6 Qxe6 24. Qe3 Qf5 25. g4 Qc5 26. Ba5 Rde8 27. Qxc5 Bxc5
28. Rd5 Bxf2 29. Bb4 Re4 30. Bxf8 Kxf8 31. Rf5 Be3 32. Re1 Re7 33. Rxb5 Bb6 34.
Rxe7 Kxe7 35. Kc1 Kd6 36. Kd2 Kc6 37. Rf5 f6 38. Kc3 1-0

[Event "Druzynowe Mistrzostwa Polski Juniorow - Ekstraliga 2018"]
[Site "Kudowa-Zdroj"]
[Date "1899-12-30"]
[Round "9.18"]
[White "Wikar, Martyna"]
[Black "Hertlein, Irena"]
[Result "1-0"]
[WhiteTitle "I++"]
[BlackTitle "I+"]
[WhiteElo "1955"]
[BlackElo "1545"]

1. d4 c5 2. Nf3 Nf6 3. c4 cxd4 4. Nxd4 Nc6 5. Nc3 g6 6. e4 d6 7. Be2 Nxd4 8. Qxd4
Bg7 9. Be3 O-O 10. Qd3 Qa5 11. Rc1 Bd7 12. O-O Bc6 13. f3 Nd7 14. Rfd1 Rfc8 15.
b3 Nc5 16. Qd2 Qb4 17. Nd5 Qxd2 18. Rxd2 Bxd5 19. cxd5 a5 20. Rdc2 b6 21. a3 Rcb8
22. Rb1 Rc8 23. Bb5 Rc7 24. Rbc1 Rca7 25. b4 axb4 26. axb4 Nb3 27. Rc8+ Bf8 28.
R1c3 Rxc8 29. Rxc8 Kg7 30. Rc3 Na1 31. Bc4 Kg8 32. Bxb6 Rb7 33. Ba5 Bg7 34. Rc1
Bb2 35. Rb1 Bd4+ 36. Kh1 Nc2 37. Ba6 Rb8 38. Bd3 Na3 39. Rc1 Nb5 40. g3 Be3 41.
Rb1 Nc3 42. Rb3 Bd2 43. Rb2 Be3 44. Kg2 Bd4 45. Rb3 Na4 46. Ra3 Nb6 47. Ba6 Ra8
48. Rd3 Bf6 49. Bxb6 Rxa6 50. Ba5 Ra8 51. Rb3 Bd4 52. h4 Kf8 53. Kf1 Ke8 54. Ke2
Kd7 55. f4 Kc8 56. Kd3 Bf2 57. Rc3+ Kb8 58. Ke2 Bd4 59. Rc4 Bg1 60. g4 Ra7 61.
Kf3 Rb7 62. e5 dxe5 63. fxe5 Rd7 64. Ke4 h5 65. gxh5 gxh5 66. Rc2 f6 67. Rg2 Ba7
68. e6 Rd6 69. Rg7 Bf2 70. Rxe7 1-0

[Event "Druzynowe Mistrzostwa Polski Juniorow - Ekstraliga 2018"]
[Site "Kudowa-Zdroj"]
[Date "1899-12-30"]
[Round "9.19"]
[White "Chylewski, Patryk"]
[Black "Kosakowski, Jakub"]
[Result "0-1"]
[WhiteTitle "FM"]
[BlackTitle "FM"]
[WhiteElo "2335"]
[BlackElo "2324"]

1. d4 Nf6 2. c4 g6 3. Nc3 Bg7 4. e4 d6 5. Nf3 O-O 6. Be2 e5 7. O-O Nc6 8. d5 Ne7
9. a4 a5 10. Ne1 Nd7 11. Nd3 f5 12. f3 f4 13. Bd2 g5 14. Nb5 Nf6 15. Nf2 h5 16.
h3 c5 17. dxc6 bxc6 18. Na3 c5 19. Nb5 Nc6 20. Bc3 Nd4 21. Bxd4 exd4 22. e5 dxe5
23. Bd3 Ra6 24. Re1 Re8 25. Ra3 g4 26. hxg4 hxg4 27. fxg4 e4 28. Nxe4 Nxg4 29.
Nxc5 Rh6 30. Rxe8+ Qxe8 31. Qf3 Rh1+ 32. Kxh1 Qe1+ 0-1

[Event "Druzynowe Mistrzostwa Polski Juniorow - Ekstraliga 2018"]
[Site "Kudowa-Zdroj"]
[Date "1899-12-30"]
[Round "9.20"]
[White "Pytel, Maciej"]
[Black "Sanz Wawer, Daniel"]
[Result "1-0"]
[WhiteTitle "I++"]
[BlackTitle "k"]
[WhiteElo "2051"]
[BlackElo "2233"]

1. e4 c6 2. d4 d5 3. Nc3 dxe4 4. Nxe4 Bf5 5. Ng3 Bg6 6. Bc4 Nf6 7. N1e2 e5 8. O-O
Nbd7 9. f4 exf4 10. Nxf4 Be7 11. c3 O-O 12. Qf3 Nb6 13. Nxg6 hxg6 14. Bb3 Nbd5
15. Bg5 Qd7 16. h4 Rae8 17. Rae1 b5 18. Bc2 Bd6 19. Ne4 Nxe4 20. Bxe4 Bb8 21.
h5 Qd6 22. Qh3 f5 23. Bxd5+ cxd5 24. Rxe8 Rxe8 25. Bf4 Qf6 26. Bxb8 Rxb8 27. hxg6
Qxg6 28. Qxf5 Qxf5 29. Rxf5 Rd8 30. Kf2 Rd6 31. Ke3 g6 32. Re5 Kf7 33. Kd3 Rd8
34. g4 a5 35. b3 Rd6 36. c4 bxc4+ 37. bxc4 dxc4+ 38. Kxc4 a4 39. Kc5 Rf6 40. Re4
Rf2 41. a3 Rb2 42. d5 Kf6 43. Kd6 Rb6+ 44. Kc7 Rb3 45. Rxa4 1-0

[Event "Druzynowe Mistrzostwa Polski Juniorow - Ekstraliga 2018"]
[Site "Kudowa-Zdroj"]
[Date "1899-12-30"]
[Round "9.21"]
[White "Redzisz, Michal"]
[Black "Karolczuk, Iwo"]
[Result "1/2-1/2"]
[WhiteTitle "I"]
[BlackTitle "I"]
[WhiteElo "1937"]
[BlackElo "1783"]

1. e4 c5 2. Nf3 e6 3. d4 cxd4 4. Nxd4 a6 5. c4 Nf6 6. Nc3 Bb4 7. Qd3 O-O 8. Be2
Qc7 9. O-O Bxc3 10. bxc3 d6 11. Ba3 Nbd7 12. Nb3 Nc5 13. Nxc5 dxc5 14. Qe3 b6
15. e5 Nd7 16. f4 Bb7 17. Rad1 Rfd8 18. Bc1 Bc6 19. Qh3 Nf8 20. Rxd8 Rxd8 21.
Qe3 Ng6 22. Re1 Nh4 23. Bf1 Nf5 24. Qf2 Bb7 25. Be2 Qd7 26. h3 Qa4 27. g4 Qc6
28. Kh2 Nh4 29. Kg3 Ng6 30. Be3 Qc7 31. Bf1 Qe7 32. Kh2 Qc7 33. Kg3 Qc6 34. Bc1
h5 35. Be2 hxg4 36. hxg4 Qa4 37. Bf1 Qc6 38. Be2 Qa4 39. a3 Qc2 40. Qe3 Ne7 41.
Bf1 Qg6 42. Kh3 Qh7+ 43. Kg3 Qg6 44. Kh3 1/2-1/2

[Event "Druzynowe Mistrzostwa Polski Juniorow - Ekstraliga 2018"]
[Site "Kudowa-Zdroj"]
[Date "1899-12-30"]
[Round "9.22"]
[White "Szydlo, Michal"]
[Black "Marcinczyk, Monika"]
[Result "1/2-1/2"]
[WhiteTitle "I"]
[BlackTitle "WCM"]
[WhiteElo "1697"]
[BlackElo "1891"]

1. e4 c5 2. Nf3 Nc6 3. d4 cxd4 4. Nxd4 g6 5. c4 Bg7 6. Be3 Nf6 7. Nc3 d6 8. Be2
O-O 9. O-O Bd7 10. f3 a5 11. Rc1 Nxd4 12. Bxd4 Bc6 13. a3 a4 14. Nd5 Nd7 15. f4
e5 16. fxe5 Bxd5 17. cxd5 Bxe5 18. Bxe5 Nxe5 19. Qd4 Qa5 20. Rf6 Rfd8 21. Rc3
b5 22. h3 Rab8 23. Qb4 Qxb4 24. axb4 Rb6 25. Rf1 Rdb8 26. Ra1 Kf8 27. Rc7 R6b7
28. Rac1 Kg7 29. Kf2 Kf6 30. Rxb7 Rxb7 31. Ke3 Nc4+ 32. Bxc4 bxc4 33. Rxc4 Ke5
34. g3 f5 35. exf5 gxf5 36. g4 fxg4 37. Rxg4 Kxd5 38. Kd3 Rf7 39. Rg5+ Kc6 40.
Rh5 Rf2 41. Kc3 Rf3+ 42. Kc2 Rf2+ 43. Kc3 Rf3+ 44. Kc2 d5 45. Rxh7 Kb5 46. Rh4
Rg3 47. Rd4 Rxh3 48. Rxd5+ Kc4 49. Rc5+ Kxb4 50. Rc3 Rxc3+ 51. bxc3+ Kc4 1/2-1/2

[Event "Druzynowe Mistrzostwa Polski Juniorow - Ekstraliga 2018"]
[Site "Kudowa-Zdroj"]
[Date "1899-12-30"]
[Round "9.23"]
[White "Moscicka, Pola"]
[Black "Koruch, Maria"]
[Result "0-1"]
[WhiteTitle "k+"]
[BlackTitle "I"]
[WhiteElo "1934"]
[BlackElo "1714"]

1. e4 c5 2. Nf3 Nc6 3. d4 cxd4 4. Nxd4 g6 5. Nc3 Bg7 6. Be3 Nf6 7. Bc4 O-O 8. Bb3
Re8 9. O-O d6 10. f3 Bd7 11. Qd2 Nxd4 12. Bxd4 Bc6 13. Rad1 Nd7 14. Bxg7 Kxg7
15. f4 Qb6+ 16. Kh1 Nc5 17. Qd4+ Kg8 18. f5 Nxb3 19. Qxb6 axb6 20. axb3 Ra5 21.
h3 Re5 22. f6 Kf8 23. Rd4 Rd8 24. fxe7+ Kxe7 25. Nd5+ Bxd5 26. exd5 Rc8 27. Rf2
Rc5 28. Rdf4 f5 29. c4 b5 30. g4 bxc4 31. bxc4 b5 32. b3 bxc4 33. bxc4 Kf6 34.
Kg2 Ra5 35. Rb2 Kg5 36. Rd4 Ra7 37. h4+ Kf6 38. Kf3 Ra3+ 39. Kf4 Ree3 40. Rf2
fxg4 41. Kxg4+ Ke5 42. Rdd2 Rg3# 0-1

[Event "Druzynowe Mistrzostwa Polski Juniorow - Ekstraliga 2018"]
[Site "Kudowa-Zdroj"]
[Date "1899-12-30"]
[Round "9.24"]
[White "Arciszewska, Zuzanna"]
[Black "Trzaskowska, Hanna"]
[Result "1/2-1/2"]
[WhiteTitle "I"]
[BlackTitle "I"]
[WhiteElo "1301"]
[BlackElo "1505"]

1. d4 Nf6 2. Nf3 e6 3. e3 c5 4. Bd3 d5 5. b3 Nc6 6. a3 Bd6 7. Bb2 Qc7 8. Nbd2 e5
9. dxe5 Nxe5 10. Be2 O-O 11. O-O Be6 12. h3 h6 13. Rc1 Rfd8 14. Qe1 Rac8 15. c4
Qb8 16. Kh1 Kh8 17. Rg1 dxc4 18. Nxc4 Nxf3 19. Bxf3 Bxc4 20. Rxc4 b5 21. Rh4 Be5
22. Qa1 Bxb2 23. Qxb2 Qd6 24. b4 c4 25. Rd4 Qe7 26. Rgd1 Kg8 27. Kg1 Kf8 28. Qc3
Rxd4 29. Rxd4 Rd8 30. Bc6 a6 31. a4 Rxd4 32. exd4 Qd6 33. axb5 axb5 34. Bxb5 Nd5
35. Qxc4 Nxb4 36. Qc5 Qxc5 37. dxc5 Ke7 38. Kf1 Ke6 39. Ke2 Kd5 40. c6 Nxc6 41.
Bxc6+ Kxc6 42. Ke3 Kd5 43. Kf4 Ke6 44. f3 Kf6 45. Kg4 Kg6 46. Kf4 Kf6 47. Kg4
Kg6 48. Kf4 Kf6 1/2-1/2

[Event "Druzynowe Mistrzostwa Polski Juniorow - Ekstraliga 2018"]
[Site "Kudowa-Zdroj"]
[Date "1899-12-30"]
[Round "9.25"]
[White "Koziol, Kamil"]
[Black "Szustakowski, Antoni"]
[Result "1-0"]
[WhiteTitle "FM"]
[BlackTitle "FM"]
[WhiteElo "2257"]
[BlackElo "2330"]

1. e4 e6 2. d4 d5 3. Nc3 Nf6 4. Bg5 dxe4 5. Nxe4 Be7 6. Bxf6 gxf6 7. Nc3 a6 8.
g3 h5 9. h4 Nc6 10. Nge2 f5 11. Qd2 Bf6 12. O-O-O Qd6 13. Qe3 Ne7 14. Nf4 Bg7
15. Bg2 c6 16. Kb1 Bh6 17. Nce2 Nd5 18. Bxd5 cxd5 19. Qf3 Bd7 20. Nxh5 O-O-O 21.
Nef4 Bb5 22. Rhe1 Kb8 23. Qe3 Ka8 24. Qe5 Qd7 25. Re3 Rc8 26. Rc3 Rhf8 27. Nf6
Qd8 28. Rxc8+ Qxc8 29. Nh7 f6 30. Nxf6 Bg7 31. N4h5 Bh8 32. g4 Be8 33. Qd6 Rxf6
34. Nxf6 Bxf6 35. gxf5 Bxh4 36. fxe6 Bg6 37. Rc1 Be4 38. f3 Bh7 39. Qh2 Qd8 40.
Rh1 1-0

[Event "Druzynowe Mistrzostwa Polski Juniorow - Ekstraliga 2018"]
[Site "Kudowa-Zdroj"]
[Date "1899-12-30"]
[Round "9.27"]
[White "Oleksy, Krzysztof"]
[Black "Iwaszkiewicz, Krzysztof"]
[Result "1/2-1/2"]
[WhiteTitle "I"]
[BlackTitle "II+"]
[WhiteElo "1813"]
[BlackElo "1683"]

1. e4 c5 2. Nf3 e6 3. d3 Nf6 4. g3 Nc6 5. Bg2 d5 6. Nbd2 Be7 7. O-O O-O 8. Re1
d4 9. a4 Na5 10. Ne5 Nd7 11. Nxd7 Bxd7 12. f4 Rc8 13. b3 Nc6 14. Nf3 a6 15. g4
g6 16. Kh1 b5 17. axb5 axb5 18. f5 exf5 19. gxf5 gxf5 20. Bh6 fxe4 21. Rg1 Kh8
22. Bh3 Bf6 23. Bxd7 Qxd7 24. Bxf8 Rxf8 25. dxe4 Re8 26. Qe1 Nb4 27. Rc1 Qb7 28.
Qg3 Qxe4 29. Rce1 Qc6 30. Rxe8+ Qxe8 31. Qd6 Be7 32. Qe5+ f6 33. Qe4 Qf7 34. Ra1
Bf8 35. Ra8 Kg7 36. Rb8 Kg8 37. Rxb5 f5 38. Qe5 h6 39. Rb8 Nc6 40. Qg3+ Qg7 41.
Rc8 Qxg3 42. hxg3 Nb4 43. Ne5 Nxc2 44. Nd3 Kf7 45. Nxc5 Ne3 46. Rc7+ Ke8 47. Rc8+
Kf7 48. Rc7+ 1/2-1/2

[Event "Druzynowe Mistrzostwa Polski Juniorow - Ekstraliga 2018"]
[Site "Kudowa-Zdroj"]
[Date "1899-12-30"]
[Round "9.28"]
[White "Rak, Jacek"]
[Black "Seemann, Jakub"]
[Result "0-1"]
[WhiteTitle "II"]
[BlackTitle "I"]
[WhiteElo "1457"]
[BlackElo "1814"]

1. e4 c5 2. Nf3 d6 3. d4 cxd4 4. Nxd4 Nf6 5. Nc3 a6 6. a4 e5 7. Nb3 Be7 8. Be2
O-O 9. O-O Be6 10. f4 exf4 11. Bxf4 Nc6 12. Be3 d5 13. exd5 Nxd5 14. Nxd5 Qxd5
15. Qxd5 Bxd5 16. c4 Be4 17. Nd2 Bg6 18. Nf3 Bf6 19. Bc1 Rfe8 20. Kf2 Nd4 21.
Bd1 Rac8 22. Be3 Nxf3 23. Bxf3 Rxc4 24. Bxb7 Rc2+ 25. Kf3 Rxb2 26. Bc6 Rc8 27.
Rac1 Rb3 28. Bd5 Rxc1 29. Rxc1 Rxe3+ 30. Kf2 Rc3 31. Re1 Bd4+ 32. Re3 Rxe3 33.
Kg1 Re1# 0-1

[Event "Druzynowe Mistrzostwa Polski Juniorow - Ekstraliga 2018"]
[Site "Kudowa-Zdroj"]
[Date "1899-12-30"]
[Round "9.29"]
[White "Kucharska, Honorata"]
[Black "Malicka, Maria"]
[Result "0-1"]
[WhiteTitle "WFM"]
[BlackTitle "WCM"]
[WhiteElo "2029"]
[BlackElo "2174"]

1. d4 Nf6 2. Nf3 e6 3. e3 d5 4. Bd3 c5 5. b3 Nc6 6. a3 Bd6 7. Bb2 O-O 8. O-O Qe7
9. Ne5 Nd7 10. f4 f5 11. Nd2 Nf6 12. Qe2 Ne4 13. c4 Bd7 14. Rfd1 Rad8 15. Ndf3
Be8 16. Nxc6 bxc6 17. Ne5 Rb8 18. dxc5 Nxc5 19. b4 Na4 20. Rab1 Nxb2 21. Qxb2
a5 22. b5 cxb5 23. cxb5 Bxa3 24. Qe2 Bd7 25. Ra1 Bb4 26. Rdc1 Rfc8 27. Nc6 Bxc6
28. bxc6 Qd6 29. Bb5 Rb6 30. Ba4 Qc7 31. Qd3 Rcb8 32. Rab1 Bc5 33. Ra1 Bd6 34.
h3 Rb4 35. Kh1 Qe7 36. Kg1 Qc7 37. Kh1 Qe7 38. Kg1 Bc7 39. Kh1 Qd6 40. Rd1 Re4
41. Bb5 Qc5 42. Ba4 Rxe3 43. Qa6 Qd6 44. Rd4 e5 45. Rd2 exf4 0-1

[Event "Druzynowe Mistrzostwa Polski Juniorow - Ekstraliga 2018"]
[Site "Kudowa-Zdroj"]
[Date "1899-12-30"]
[Round "9.30"]
[White "Mezykowska, Emilia"]
[Black "Kroliczek, Gabriela"]
[Result "0-1"]
[WhiteTitle "I"]
[BlackTitle "I++"]
[WhiteElo "1622"]
[BlackElo "1736"]

1. e4 c5 2. Nf3 e6 3. c3 d5 4. exd5 exd5 5. d4 a6 6. Be2 Nc6 7. O-O Bd6 8. dxc5
Bxc5 9. Re1 Nge7 10. Nbd2 O-O 11. Nb3 Bd6 12. Be3 Be6 13. Nbd4 Nf5 14. Nxf5 Bxf5
15. Nd4 Bg6 16. Nb3 Qc7 17. h3 Ne7 18. Bf3 Rad8 19. Kh1 Be4 20. Bd4 Bf5 21. Bg4
Bg6 22. Qe2 Nc6 23. Qd2 b5 24. Rad1 a5 25. Qc1 a4 26. Nd2 Nxd4 27. cxd4 Qb6 28.
Nf1 Bb4 29. Re2 Rd6 30. Qe3 h6 31. a3 Ba5 32. Ng3 Kh7 33. Bf5 Qb8 34. Bxg6+ fxg6
35. Rc1 Bd8 36. Qd3 b4 37. axb4 Qxb4 38. Qa3 Qxa3 39. bxa3 Bf6 40. Rb2 Bxd4 41.
Rb4 Bxf2 42. Rf1 Rdf6 43. Ne2 Rc8 44. Rxa4 Rc2 45. Nc1 Bg3 46. Rg1 Rf5 47. Rg4
Bd6 48. a4 Rh5 49. h4 g5 50. Nd3 Rxh4+ 51. Rxh4 gxh4 52. Ra1 Rd2 53. Ne1 h3 54.
gxh3 Rh2+ 55. Kg1 Rxh3 56. a5 Bc5+ 57. Kg2 Re3 58. a6 Ba7 59. Nf3 Kg6 60. Ra5
Re2+ 61. Kh3 Re6 62. Kg3 Kf6 63. Kh3 g5 64. Kg2 Rd6 65. Kf1 Kf5 66. Kg2 h5 67.
Kg3 Rd7 68. Rb5 Rd6 69. Ra5 h4+ 70. Kg2 Kf4 71. Ra4+ d4 72. Nxd4 Rxd4 73. Rxd4+
Bxd4 74. Kh1 Ke5 75. Kg2 Kd6 76. Kh1 Kc6 77. Kg2 Kb6 78. Kh1 Kxa6 79. Kg2 Kb5
80. Kh1 Kc4 0-1